La Reine des neiges 2 - Statistiques

Statistiques générales
  • Ce quiz a été pris 290 fois
  • Le résultat moyen est 16 sur 20
Statistiques - réponses
Question Réponse % Correct
Comment libérer la forêt de Northuldra ? Casser le barrage
95%
Que découvrent Anna et Elsa au bord de la mer sombre ? Le bateau que leurs parents prenaient, et qui a coulé
95%
À la fin du film, quelle décision Elsa prend-elle ? Rester à Northuldra et protéger la forêt
95%
Pendant une trentaine d'années, Northuldra était... Couvert de brume
92%
Quels sont les quatre éléments? Eau, terre, feu, air
92%
Comment Elsa a pu traverser la mer sombre? Elle a dompté Nokk (esprit de l'eau) qui l'a ensuite conduite à Northuldra
92%
Que se passe-t-il quand Elsa se réveille et chante "Dans un autre monde" ? Elle réveille les esprits de Northuldra
92%
A la fin du film, qui reste célibataire? Elsa
92%
Qui a chanté "La Berceuse d'Ahtohallan" ? Iduna
92%
Qui a vraiment causé la guerre entre Arendelle et Northuldra ? Le grand-père d'Elsa et d'Anna
92%
Pourquoi Anna et Olaf sont-ils furieux? Parce qu'Elsa les a abandonnés et elle n'a pas dit au revoir
92%
Comment Kristoff est-il peu après l'arrivée de Northuldra ? Il est perdu
86%
Pourquoi Elsa s'est-elle gelée? Elle est allée trop loin dans le passé
84%
Dans "La Reine des neiges", Elsa craignait que ses pouvoirs ne menacent le monde. Dans "La Reine des neiges 2", elle espère que.. Ses pouvoirs soient assez forts
84%
Quand Elsa plonge dans le passé, quelle chanson s'entend-elle elle-même chanter ? "Libérée, délivrée"
81%
Ahtohallan était... Une rivière magique qui montre le passé
81%
Au début du film, l'histoire se passait... Au soir
70%
Combien de temps dure le film (d'après Wikipédia)? 103 minutes
49%
A quel moment Elsa entend-elle une voix étrange pour la première fois? Avant "Point d'avenir sans nous"
41%
Dans la chanson "Tout réparer", lequel de ces mots arrive en dernier ? Larmes
32%
Aucun quiz correspondant
Distribution des résultats
% des personnes avec chaque résultat
Percentile par nombre de réponses
Votre historique - résultats
Vous n’avez pas pris ce quiz